[Event "Hessen Cup Goldener Springer"]
[Site "Griesheim"]
[Date "2019.01.20"]
[Round "6"]
[White "Pessotschinski, Eduard"]
[Black "Pessotschinski, Lars"]
[Result "0-1"]
[WhiteElo "1414"]
[BlackElo "1563"]
[PlyCount "112"]
[EventDate "2019.01.18"]
[EventType "swiss"]
[EventRounds "6"]
[EventCountry "GER"]
[SourceTitle "EXT 2020"]
[Source "ChessBase"]
[SourceDate "2019.10.17"]
[SourceVersion "1"]
[SourceVersionDate "2019.10.17"]
[SourceQuality "1"]

1. e4 c5 2. Nc3 Nc6 3. f4 d6 4. Bc4 g6 5. Nf3 Bg7 6. 0-0 a6 7. Ng5 e6 8. d3 b5 9. Bb3 h6 10. Nf3 Nf6 11. e5 dxe5 12. fxe5 Ng4 13. Ne4 Ngxe5 14. Nxc5 Qb6 15. Be3 Nd7 16. d4 0-0 17. Re1 Rd8 18. Nxd7 Rxd7 19. d5 Qd8 20. c3 Bb7 21. dxc6 Rxd1 22. Rexd1 Qc7 23. cxb7 Qxb7 24. Rd3 e5 25. Rad1 Qe4 26. Rd8+ Rxd8 27. Rxd8+ Kh7 28. Bxf7 Qxe3+ 29. Kf1 Qc1+ 30. Kf2 Qxb2+ 31. Kg3 Qxc3 32. Kf2 Qc7 33. Bg8+ Kh8 34. Ra8 Qc2+ 35. Kg3 Qc3 36. Kf2 Qc5+ 37. Ke2 Bf8 38. Bd5 Qxd5 39. Rxf8+ Kg7 40. Re8 Qxa2+ 41. Kf1 b4 42. Rxe5 Qa1+ 43. Re1 Qf6 44. Ke2 b3 45. Kf2 Qd8 46. Ke2 Qd7 47. Rb1 Qc8 48. Rxb3 Qc4+ 49. Rd3 a5 50. Kd2 Qb4+ 51. Kc2 a4 52. Nd4 a3 53. Nb3 a2 54. Rd1 Qc4+ 55. Kb2 Kf6 56. Kxa2 Qc2+ 0-1

[Event "Hessen Cup Goldener Springer"]
[Site "Griesheim"]
[Date "2019.01.18"]
[Round "2"]
[White "Weiland, Thomas"]
[Black "Pessotschinski, Lars"]
[Result "1-0"]
[WhiteElo "1800"]
[BlackElo "1563"]
[PlyCount "55"]
[EventDate "2019.01.18"]
[EventType "swiss"]
[EventRounds "6"]
[EventCountry "GER"]
[SourceTitle "EXT 2020"]
[Source "ChessBase"]
[SourceDate "2019.10.17"]
[SourceVersion "1"]
[SourceVersionDate "2019.10.17"]
[SourceQuality "1"]

1. c4 Nf6 2. d4 g6 3. Nf3 Bg7 4. Nc3 0-0 5. g3 d6 6. Bg2 Nc6 7. 0-0 Bf5 8. Nh4 Bd7 9. Nf3 Re8 10. e4 e5 11. d5 Ne7 12. h3 Qc8 13. Kh2 c6 14. Ng1 cxd5 15. cxd5 Qc7 16. Be3 Nc8 17. Rc1 Qd8 18. Qd2 Nb6 19. b3 Nc8 20. Bh6 Ne7 21. Bxg7 Kxg7 22. f4 exf4 23. Qxf4 Qb6 24. Qxf6+ Kg8 25. Nf3 Rac8 26. Ng5 Rf8 27. Nxf7 Rce8 28. Nh6# 1-0

[Event "Heusenstamm Sparkassen op U14 5th"]
[Site "Heusenstamm"]
[Date "2018.11.24"]
[Round "2"]
[White "Pessotschinski, Lars"]
[Black "Bangiev, Anton"]
[Result "0-1"]
[WhiteElo "1563"]
[BlackElo "1264"]
[PlyCount "64"]
[EventDate "2018.11.23"]
[EventType "swiss"]
[EventRounds "7"]
[EventCountry "GER"]
[SourceTitle "CBM 188 Extra"]
[Source "ChessBase"]
[SourceDate "2019.02.28"]
[SourceVersion "1"]
[SourceVersionDate "2019.02.28"]
[SourceQuality "1"]

1. e4 e5 2. Nf3 Nc6 3. d4 exd4 4. Nxd4 Nf6 5. Nxc6 bxc6 6. e5 Qe7 7. f4 Nd5 8. Bc4 Nb6 9. Bb3 Ba6 10. Nc3 c5 11. a3 d6 12. Nd5 Nxd5 13. Qxd5 Rb8 14. Qc6+ Qd7 15. Qxa6 dxe5 16. Ba4 Rd8 17. Bxd7+ Rxd7 18. Qc8+ Rd8 19. Qxc7 Rd7 20. Qxe5+ Re7 21. Qxe7+ Bxe7 22. 0-0 0-0 23. Be3 Rb8 24. Rfe1 Rxb2 25. Bxc5 Bxc5+ 26. Kh1 Kf8 27. Re5 Bxa3 28. Rae1 Rb8 29. Ra5 Bb4 30. Raa1 Bxe1 31. Rxe1 a5 32. Re5 Rb1+ 0-1

[Event "Bad Soden U10 op 5th"]
[Site "Bad Soden"]
[Date "2018.10.03"]
[Round "9"]
[White "Vick, Edward"]
[Black "Pessotschinski, Lars"]
[Result "0-1"]
[WhiteElo "866"]
[BlackElo "1563"]
[PlyCount "118"]
[EventDate "2018.09.30"]
[EventType "swiss"]
[EventRounds "9"]
[EventCountry "GER"]
[SourceTitle "EXT 2020"]
[Source "ChessBase"]
[SourceDate "2019.10.17"]
[SourceVersion "1"]
[SourceVersionDate "2019.10.17"]
[SourceQuality "1"]

1. e4 c5 2. Nf3 d6 3. d4 cxd4 4. Nxd4 Nf6 5. Nc3 g6 6. Bc4 Bg7 7. Bg5 0-0 8. 0-0 Nc6 9. Nf3 Bd7 10. Re1 Qc7 11. Re2 a6 12. Qe1 Bg4 13. Re3 Bxf3 14. Rxf3 Nd4 15. Bb3 Nxf3+ 16. gxf3 h6 17. Bh4 g5 18. Bg3 Nh5 19. Nd5 Qc5 20. Nxe7+ Kh7 21. Rb1 Nxg3 22. hxg3 Bd4 23. Qe2 Qc7 24. c3 Bxf2+ 25. Qxf2 Qxe7 26. Qd4 Qe5 27. Qd3 Qxg3+ 28. Kf1 f5 29. exf5 Qh3+ 30. Kf2 Qxf5 31. Qxf5+ Rxf5 32. Bc2 Raf8 33. Bxf5+ Rxf5 34. Re1 g4 35. Re3 h5 36. Kg3 Rxf3+ 37. Rxf3 gxf3 38. Kxf3 Kg6 39. Kg2 Kg5 40. Kg3 d5 41. a3 b6 42. b4 h4+ 43. Kf3 h3 44. Kg3 h2 45. Kxh2 Kf4 46. Kh3 Ke3 47. Kg4 Kd3 48. Kf4 Kxc3 49. Ke5 d4 50. Kd5 d3 51. Kc6 d2 52. Kxb6 d1Q 53. Kxa6 Qa4+ 54. Kb6 Qxa3 55. b5 Qd6+ 56. Ka5 Qc5 57. Ka6 Qc8+ 58. Ka5 Qb7 59. b6 Kc4 0-1

[Event "Bad Soden U10 op 5th"]
[Site "Bad Soden"]
[Date "2018.09.30"]
[Round "2"]
[White "Siram, Abhinav"]
[Black "Pessotschinski, Lars"]
[Result "0-1"]
[WhiteElo "763"]
[BlackElo "1563"]
[PlyCount "48"]
[EventDate "2018.09.30"]
[EventType "swiss"]
[EventRounds "9"]
[EventCountry "GER"]
[SourceTitle "EXT 2020"]
[Source "ChessBase"]
[SourceDate "2019.10.17"]
[SourceVersion "1"]
[SourceVersionDate "2019.10.17"]
[SourceQuality "1"]

1. e4 c5 2. Nc3 Nc6 3. d3 d6 4. Nf3 Nf6 5. Bg5 g6 6. Bxf6 exf6 7. g4 Bg7 8. a3 Bxg4 9. Be2 Bxf3 10. Bxf3 0-0 11. b4 Qd7 12. bxc5 dxc5 13. Bg4 f5 14. exf5 Bxc3+ 15. Kf1 Bxa1 16. Qxa1 Qd4 17. Qe1 Qxg4 18. fxg6 fxg6 19. Rg1 Qd7 20. Rg3 Rae8 21. Qc3 Qf7 22. Qd2 Nd4 23. Qc3 Ne2 24. Re3 Qxf2# 0-1

[Event "Hessen-chC"]
[Site "Frankfurt"]
[Date "2018.05.13"]
[Round "7"]
[White "Fuchs, Henrik"]
[Black "Pessotschinski, Lars"]
[Result "1/2-1/2"]
[WhiteElo "1099"]
[BlackElo "1692"]
[PlyCount "72"]
[EventDate "2018.05.10"]
[EventType "swiss"]
[EventRounds "7"]
[EventCountry "GER"]
[SourceTitle "EXT 2019"]
[Source "ChessBase"]
[SourceDate "2018.10.10"]
[SourceVersion "1"]
[SourceVersionDate "2018.10.10"]
[SourceQuality "1"]

1. d4 Nf6 2. c4 g6 3. Nf3 Bg7 4. Nc3 0-0 5. Bf4 d6 6. e3 Nbd7 7. Bd3 Qe8 8. Bc2 b6 9. Nb5 Qd8 10. 0-0 c5 11. Re1 Bb7 12. d5 Ng4 13. h3 Nge5 14. Nxe5 Nxe5 15. Bxe5 Bxe5 16. Rb1 Qd7 17. f4 Bg7 18. a3 Ba6 19. Ba4 Bxb5 20. Bxb5 Qf5 21. Qd2 Rfd8 22. e4 Qc8 23. a4 Bd4+ 24. Kh1 Kf8 25. a5 f5 26. Qe2 e5 27. exf5 Qxf5 28. fxe5 Qxe5 29. Rf1+ Kg7 30. Qxe5+ Bxe5 31. Bc6 Rac8 32. axb6 axb6 33. b4 Rf8 34. bxc5 bxc5 35. Kg1 Rf4 36. Rxf4 Bxf4 1/2-1/2

[Event "Hofheim Spring op-B 6th"]
[Site "Hofheim"]
[Date "2018.04.07"]
[Round "8"]
[White "Pessotschinski, Lars"]
[Black "Rades, Andreas"]
[Result "1-0"]
[WhiteElo "1692"]
[BlackElo "1496"]
[PlyCount "71"]
[EventDate "2018.04.03"]
[EventType "swiss"]
[EventRounds "9"]
[EventCountry "GER"]
[SourceTitle "EXT 2020"]
[Source "ChessBase"]
[SourceDate "2019.10.17"]
[SourceVersion "1"]
[SourceVersionDate "2019.10.17"]
[SourceQuality "1"]

1. e4 c6 2. d4 d5 3. Nc3 dxe4 4. Nxe4 Bf5 5. Nc3 e6 6. Nf3 Nd7 7. Bf4 Ngf6 8. Bd3 Bxd3 9. Qxd3 Nb6 10. Bg5 Be7 11. 0-0 0-0 12. Ne5 Nfd5 13. Bxe7 Qxe7 14. Nxd5 Nxd5 15. c4 Nb6 16. b3 Rad8 17. Qe3 Nc8 18. Rfd1 a6 19. Rac1 Nd6 20. Qf3 Nf5 21. d5 cxd5 22. cxd5 Qg5 23. dxe6 fxe6 24. Qg4 Qf6 25. Nd7 Rxd7 26. Rxd7 Nh6 27. Qd4 Qg5 28. Qc3 Ng4 29. h4 Qh6 30. f3 Ne3 31. Re1 Nd5 32. Qa1 Nb4 33. Rxe6 Nc2 34. Qc3 Qc1+ 35. Kh2 Qf4+ 36. g3 1-0

[Event "Hofheim Spring op-B 6th"]
[Site "Hofheim"]
[Date "2018.04.04"]
[Round "2"]
[White "Jansen, Nora"]
[Black "Pessotschinski, Lars"]
[Result "1-0"]
[WhiteElo "1442"]
[BlackElo "1692"]
[PlyCount "49"]
[EventDate "2018.04.03"]
[EventType "swiss"]
[EventRounds "9"]
[EventCountry "GER"]
[SourceTitle "EXT 2020"]
[Source "ChessBase"]
[SourceDate "2019.10.17"]
[SourceVersion "1"]
[SourceVersionDate "2019.10.17"]
[SourceQuality "1"]

1. c4 e5 2. g3 Nf6 3. Bg2 Bc5 4. Nc3 c6 5. e3 d5 6. cxd5 cxd5 7. d4 exd4 8. exd4 Bb6 9. Nge2 Nc6 10. 0-0 0-0 11. Be3 Be6 12. a3 Na5 13. Nf4 Nc4 14. b3 Nxe3 15. fxe3 Ng4 16. Nxe6 Nxe3 17. Nxd8 Nxd1 18. Raxd1 Raxd8 19. Nxd5 Rfe8 20. Nxb6 axb6 21. Bxb7 Re3 22. Rf3 Re7 23. Bc6 Rc8 24. d5 Re2 25. d6 1-0

[Event "Heusenstamm Sparkassen op U14 4th"]
[Site "Heusenstamm"]
[Date "2017.11.25"]
[Round "2"]
[White "Porstendoerfer, Eric"]
[Black "Pessotschinski, Lars"]
[Result "1-0"]
[WhiteElo "1489"]
[BlackElo "1158"]
[PlyCount "39"]
[EventDate "2017.11.24"]
[EventType "swiss"]
[EventRounds "5"]
[EventCountry "GER"]
[SourceTitle "EXT 2019"]
[Source "ChessBase"]
[SourceDate "2018.10.10"]
[SourceVersion "1"]
[SourceVersionDate "2018.10.10"]
[SourceQuality "1"]

1. e4 c5 2. Nf3 d6 3. d4 cxd4 4. Nxd4 Nf6 5. Nc3 g6 6. Nf3 Bg7 7. e5 Ng4 8. exd6 Qb6 9. Qe2 Qxd6 10. Bd2 0-0 11. 0-0-0 Qb6 12. Be3 Nxe3 13. Qxe3 Qxe3+ 14. fxe3 Nc6 15. Nd5 Bf5 16. Bb5 Rac8 17. Bxc6 Rfe8 18. Ba4 Rc5 19. c3 Be4 20. Bxe8 1-0

[Event "Bad Soden U10 op"]
[Site "Bad Soden"]
[Date "2017.10.02"]
[Round "6"]
[White "Bakiev, Diyor"]
[Black "Pessotschinski, Lars"]
[Result "1/2-1/2"]
[WhiteElo "1681"]
[BlackElo "995"]
[PlyCount "116"]
[EventDate "2017.09.30"]
[EventType "swiss"]
[EventRounds "9"]
[EventCountry "GER"]
[SourceTitle "EXT 2019"]
[Source "ChessBase"]
[SourceDate "2018.10.10"]
[SourceVersion "1"]
[SourceVersionDate "2018.10.10"]
[SourceQuality "1"]

1. e4 e5 2. Nf3 Nc6 3. Bc4 Nf6 4. d3 Bc5 5. Bg5 0-0 6. Nc3 h6 7. Bh4 Nd4 8. Nxd4 Bxd4 9. 0-0 Bxc3 10. bxc3 c6 11. Re1 b5 12. Bb3 a5 13. a3 a4 14. Ba2 Qe7 15. Qc1 Qd6 16. c4 Ba6 17. cxb5 cxb5 18. Bxf6 Qxf6 19. Bd5 Rab8 20. Qd2 Qb6 21. c3 Bb7 22. Bxb7 Rxb7 23. Reb1 Rc8 24. h3 Qc6 25. Rc1 d6 26. c4 bxc4 27. Rxc4 Qd7 28. Rxc8+ Qxc8 29. Qa5 Qc6 30. Qa8+ Kh7 31. Kh2 Rc7 32. Qa5 Rc8 33. Qb4 Qa6 34. Rd1 Rc5 35. d4 Rc4 36. Qb2 exd4 37. Rxd4 Rxd4 38. Qxd4 f6 39. f4 Qc6 40. Qd3 Qb6 41. e5+ Kg8 42. exd6 Qd8 43. Qd5+ Kf8 44. Qc5 Ke8 45. Qc6+ Qd7 46. Qa8+ Kf7 47. Qd5+ Kf8 48. f5 h5 49. Qe6 Qe8 50. d7 Qd8 51. Qd6+ Kf7 52. Kg3 g6 53. Qe6+ Kg7 54. Qe8 Qc7+ 55. Kf2 Qc5+ 56. Ke2 Qc4+ 57. Ke1 Qc3+ 58. Kf1 Qc1+ 1/2-1/2

[Event "Frankfurt-chB"]
[Site "Frankfurt"]
[Date "2017.05.29"]
[Round "6"]
[White "Pessotschinski, Lars"]
[Black "Fredershausen, Kurt"]
[Result "0-1"]
[WhiteElo "849"]
[BlackElo "998"]
[PlyCount "46"]
[EventDate "2017.04.24"]
[EventType "swiss"]
[EventRounds "7"]
[EventCountry "GER"]
[SourceTitle "EXT 2018"]
[Source "ChessBase"]
[SourceDate "2017.10.13"]
[SourceVersion "1"]
[SourceVersionDate "2017.10.13"]
[SourceQuality "1"]

1. e4 c6 2. d4 d5 3. Nc3 dxe4 4. Nxe4 Bf5 5. Bd3 Qxd4 6. Qe2 Qd8 7. Nf3 e6 8. 0-0 Be7 9. c4 h6 10. Nh4 Bxh4 11. c5 Be7 12. b4 Nf6 13. Nxf6+ Bxf6 14. Bxf5 Bxa1 15. Re1 0-0 16. Be4 Na6 17. Qg4 f5 18. Qg6 fxe4 19. Qxe6+ Rf7 20. h3 Qf8 21. Rxe4 Bf6 22. Rf4 Re8 23. Qe4 Rxe4 0-1

[Event "Frankfurt-chB"]
[Site "Frankfurt"]
[Date "2017.05.15"]
[Round "4"]
[White "Pessotschinski, Lars"]
[Black "Henrich, Gerhard"]
[Result "0-1"]
[WhiteElo "849"]
[BlackElo "1121"]
[PlyCount "48"]
[EventDate "2017.04.24"]
[EventType "swiss"]
[EventRounds "7"]
[EventCountry "GER"]
[SourceTitle "EXT 2018"]
[Source "ChessBase"]
[SourceDate "2017.10.13"]
[SourceVersion "1"]
[SourceVersionDate "2017.10.13"]
[SourceQuality "1"]

1. e4 e5 2. Nf3 Nc6 3. d4 exd4 4. Nxd4 Nxd4 5. Qxd4 d6 6. Bc4 Nf6 7. e5 dxe5 8. Qxd8+ Kxd8 9. Bxf7 b6 10. Bc4 Bb7 11. 0-0 Bd6 12. Nc3 a6 13. Rd1 h6 14. b3 Ke7 15. a4 Rad8 16. Ba3 Rhf8 17. Rd2 Ne4 18. Nxe4 Bxe4 19. Bxa6 Bxa3 20. Rxd8 Rxd8 21. Rxa3 Rd1+ 22. Bf1 Bxc2 23. b4 e4 24. g3 Bd3 0-1

[Event "Frankfurt-chB"]
[Site "Frankfurt"]
[Date "2017.05.08"]
[Round "3"]
[White "Lachmann, Irma"]
[Black "Pessotschinski, Lars"]
[Result "1-0"]
[WhiteElo "739"]
[BlackElo "849"]
[PlyCount "25"]
[EventDate "2017.04.24"]
[EventType "swiss"]
[EventRounds "7"]
[EventCountry "GER"]
[SourceTitle "EXT 2018"]
[Source "ChessBase"]
[SourceDate "2017.10.13"]
[SourceVersion "1"]
[SourceVersionDate "2017.10.13"]
[SourceQuality "1"]

1. e4 e5 2. Bc4 Nf6 3. Nf3 Nxe4 4. Nxe5 Qe7 5. d4 g6 6. Bxf7+ Kd8 7. Bd5 d6 8. Nf7+ Ke8 9. Nxh8 Nxf2+ 10. Kxf2 Qf6+ 11. Bf3 Qxh8 12. Re1+ Kd8 13. Bg5+ 1-0

[Event "Frankfurt-chB"]
[Site "Frankfurt"]
[Date "2016.04.25"]
[Round "1"]
[White "Pessotschinski, Lars"]
[Black "Goodwin, David"]
[Result "0-1"]
[WhiteElo "764"]
[BlackElo "1323"]
[PlyCount "80"]
[EventDate "2016.04.25"]
[EventType "swiss"]
[EventRounds "9"]
[EventCountry "GER"]
[SourceTitle "EXT 2018"]
[Source "ChessBase"]
[SourceDate "2017.10.13"]
[SourceVersion "1"]
[SourceVersionDate "2017.10.13"]
[SourceQuality "1"]

1. e4 g6 2. Nc3 Bg7 3. Bc4 c5 4. d3 Nc6 5. Nf3 e6 6. 0-0 Nge7 7. Bg5 0-0 8. Re1 a6 9. Na4 b5 10. Nb6 Qxb6 11. Bxe7 Nxe7 12. Bb3 Bxb2 13. Rb1 Bc3 14. Re3 Qc7 15. d4 cxd4 16. Nxd4 Bxd4 17. Qxd4 Bb7 18. Qf6 d5 19. exd5 Bxd5 20. Bxd5 Nxd5 21. Qg5 Nxe3 22. fxe3 Qxc2 23. Rf1 Qxa2 24. Qh6 b4 25. Rf4 Qa1+ 26. Kf2 b3 27. Rh4 Qg7 28. Qf4 Rac8 29. Qb4 b2 30. Ke2 Rc2+ 31. Kd1 Rxg2 32. h3 Rd8+ 33. Ke1 Rg1+ 34. Kf2 b1Q 35. Qxb1 Rxb1 36. Ra4 Qf6+ 37. Rf4 Qb2+ 38. Kf3 Rf1+ 39. Kg4 Qg2+ 40. Kh4 g5+ 0-1